书目信息 |
| 题名: |
水科学与工程实验技术
|
|
| 作者: | 李军 , 王淑莹 编著 | |
| 分册: | ||
| 出版信息: | 北京 化学工业出版社 2002.05 |
|
| 页数: | 186页 | |
| 开本: | 26cm | |
| 丛书名: | ||
| 单 册: | ||
| 中图分类: | TU991.2 | |
| 科图分类: | ||
| 主题词: | 给水工程:市政工程 , 城市供水系统 | |
| 电子资源: | ||
| ISBN: | 7-5025-3748-1 | |
| 000 | 00656nam0 2200217 45 | |
| 001 | 0360931099 | |
| 005 | 2003090116553109 | |
| 010 | @a7-5025-3748-1@dCNY 26.00 | |
| 100 | @a20030901d2002 km y0chiy0120 ea | |
| 101 | 0 | @achi |
| 102 | @aCN@b110000 | |
| 200 | 1 | @a水科学与工程实验技术@Ashui ke xue yu gong cheng shi yan ji shu@f李军,王淑莹编著@Fli jun,wang shu ying bian zhu |
| 210 | @a北京@c化学工业出版社@d2002.05 | |
| 215 | @a186页@d26cm | |
| 606 | 0 | @a给水工程:市政工程 |
| 606 | 0 | @a城市供水系统 |
| 690 | @aTU991.2@v4 | |
| 701 | 0 | @a李军@Ali jun@4编著 |
| 701 | 0 | @a王淑莹@Awang shu ying@4编著 |
| 801 | 0 | @aCN@bPFT@c20030901 |
| 905 | @a@dTU991.2@eL185 | |
| 水科学与工程实验技术/李军,王淑莹编著.-北京:化学工业出版社,2002.05 |
| 186页;26cm |
| ISBN 7-5025-3748-1:CNY 26.00 |
| ● |
| 相关链接 |
|
|
|
正题名:水科学与工程实验技术
索取号:TU991.2/L185
 
预约/预借
| 序号 | 登录号 | 条形码 | 馆藏地/架位号 | 状态 | 备注 |
| 1 | 372520 | 203725200 | 建筑库201/201建筑库 131排2列5层/ [索取号:TU991.2/L185] | 在馆 | |
| 2 | 372522 | 203725228 | 建筑库201/201建筑库 131排2列5层/ [索取号:TU991.2/L185] | 在馆 |